000
00301pab a2200133 454500
008
180718b1986 xxu||||| |||| 00| 0 eng d
100
_a
Sen, Sudhir
245
_a
The federal reserve shifts gear
260
_c
1986
300
_a
100-2
650
_a
Budget - U.S.A.
773
_a
Capital
909
_a
4853
999
_c
4853
_d
4853